عرض عادي عرض مارك
  • Keller, Helen,

مدخل إسم شخص

عدد التسجيلات المستخدمة في: 1

001 - رقم الضبط

  • حقل الضبط: 38332

003 - معرف رقم الضبط

  • حقل الضبط: OSt

005 - تاريخ ووقت أخر عملية

  • حقل الضبط: 20131026180347.0

008 - عناصر بيانات ثابتة الطول

  • حقل تحكم ثابت الطول: 131026|||a|||||| | ||| d

040 ## - مصدر الفهرسة

  • هيئة الفهرسة الأصلية: OSt
  • وكالة الكتابة: OSt

100 ## - مدخل -- أسم شخص

  • إسم شخص: Keller, Helen,
  • تواريخ مرتبطة بالاسم: 1880-1968
  • تفريع شكلي: Juvenile literature.

670 ## - بيانات المصدر موجوده

  • الاستشهاد بالمصدر: Work cat.: (OSt)0: Thompson, Gare. 38331, Who was Helen Keller /, c2003.